| 000 | 00554nam a22001817a 4500 | ||
|---|---|---|---|
| 005 | 20251108164322.0 | ||
| 008 | 250721s1994 xx 000 0 ara d | ||
| 082 | 1 | 4 | _a664.752/مهي |
| 100 | 1 | _aمهيدات، فالح حسان | |
| 245 | 1 | 0 | _aتكنولوجيا صناعة الخبز و المعجنات في الشرق الوسط / |
| 264 | 1 |
_aعمان : _bدار التقدم، _c1994. |
|
| 300 | _a238ص. | ||
| 650 | 1 | 7 | _aالخبز |
| 650 | 1 | 7 | _aالدقيق |
| 650 | 1 | 7 | _aالصناعات الغذائية |
| 942 |
_2ddc _cBK |
||
| 999 |
_c9212 _d9212 |
||